El jardín de infantes... /

Guardado en:
Autor Principal: Faure, Madeleine
Formato: Libro
Publicado: Buenos Aires : Kapelusz, 1953
Series:Bibl. de Cultura Pedagógica, 8
Materias:
Etiquetas: Agregar Etiqueta
Sin Etiquetas, Sea el primero en etiquetar este registro!
LEADER 00470nam a22001695a 4500
001 CEM.cems002383
005 20060217000000.0
008 130507s1953##################000#0#####d
003 CEMS
082 0 4 |a 372.2 
100 1 |a Faure, Madeleine 
245 1 0 |a El jardín de infantes... / 
260 |a Buenos Aires :  |b Kapelusz,  |c 1953 
300 |a 144 p. 
490 0 |a Bibl. de Cultura Pedagógica, 8 
653 |a Educacion 
859 |a CEMS  |b BIB. CEMS - 11 de abril  |h 372.2  |i F274  |p 6326.78  |t Ej.1